000 00439nam a2200181Ia 4500
003 LDD
008 181029s9999 xx 000 0 und d
020 _a74517074
040 _cLDD
100 _aKachhava, C. M
245 0 _aSolid state physics
_cC. M Kachhava
260 _aNew Delhi
_bTata Mc Graw - Hill
_c1990
300 _aix, 223
901 _a219
_b05-02-1996
902 _b16-02-1996
903 _aDiscount-10
942 _2ddc
_cBK
999 _c45465
_d45465